000 00294nam a2200121Ia 4500
008 190216s9999||||xx |||||||||||||| ||und||
100 _aJohn Dunlop
245 0 _aEconomic Growth In The United States
260 _bCentral Book Depot
_c1961
300 _a394p
650 _aEconomics
942 _cBK
999 _c9187
_d9187